Влияние экзотермических добавок на температуру инициирования СВ-синтеза борсодержащих материалов; Известия вузов. Физика; Т. 57, № 2, ч. 2
| Parent link: | Известия вузов. Физика/ Национальный исследовательский Томский государственный университет (ТГУ).— , 1958- Т. 57, № 2, ч. 2.— 2014.— [С. 99-103] |
|---|---|
| Autor Corporativo: | |
| Otros Autores: | , , , , , |
| Sumario: | Заглавие с экрана Рассматривается способ управления СВ-синтезом при получении функциональных борсодержащих материалов. Описаны преимущества СВ-синтеза по сравнению с трдиционными способами. Изучено влияние экзотермической добавки на процесс протекания самораспространяющегося высокотемпературного синтеза. Режим доступа: по договору с организацией-держателем ресурса |
| Lenguaje: | ruso |
| Publicado: |
2014
|
| Materias: | |
| Acceso en línea: | http://elibrary.ru/item.asp?id=23709345 |
| Formato: | Electrónico Capítulo de libro |
| KOHA link: | https://koha.lib.tpu.ru/cgi-bin/koha/opac-detail.pl?biblionumber=654658 |
MARC
| LEADER | 00000naa0a2200000 4500 | ||
|---|---|---|---|
| 001 | 654658 | ||
| 005 | 20250312160413.0 | ||
| 035 | |a (RuTPU)RU\TPU\network\20299 | ||
| 035 | |a RU\TPU\network\20163 | ||
| 090 | |a 654658 | ||
| 100 | |a 20170511d2014 k||y0rusy50 ca | ||
| 101 | 0 | |a rus | |
| 102 | |a RU | ||
| 135 | |a drcn ---uucaa | ||
| 181 | 0 | |a i | |
| 182 | 0 | |a b | |
| 200 | 1 | |a Влияние экзотермических добавок на температуру инициирования СВ-синтеза борсодержащих материалов |f Д. Г. Демянюк [и др.] | |
| 203 | |a Текст |c электронный | ||
| 300 | |a Заглавие с экрана | ||
| 330 | |a Рассматривается способ управления СВ-синтезом при получении функциональных борсодержащих материалов. Описаны преимущества СВ-синтеза по сравнению с трдиционными способами. Изучено влияние экзотермической добавки на процесс протекания самораспространяющегося высокотемпературного синтеза. | ||
| 333 | |a Режим доступа: по договору с организацией-держателем ресурса | ||
| 461 | |t Известия вузов. Физика |f Национальный исследовательский Томский государственный университет (ТГУ) |d 1958- | ||
| 463 | |t Т. 57, № 2, ч. 2 |v [С. 99-103] |d 2014 | ||
| 610 | 1 | |a электронный ресурс | |
| 610 | 1 | |a труды учёных ТПУ | |
| 610 | 1 | |a самораспространяющийся высокотемпературный синтез | |
| 610 | 1 | |a экзотермические добавки | |
| 610 | 1 | |a бориды редкоземельных элементов | |
| 610 | 1 | |a катодная промышленность\ | |
| 701 | 1 | |a Демянюк |b Д. Г. |c специалист в области энергетики |c доцент Томского политехнического университета, кандидат технических наук |f 1976- |g Дмитрий Георгиевич |3 (RuTPU)RU\TPU\pers\26449 | |
| 701 | 1 | |a Долматов |b О. Ю. |c физик |c кандидат физико-математических наук |f 1967- |g Олег Юрьевич |3 (RuTPU)RU\TPU\pers\26450 |9 12153 | |
| 701 | 1 | |a Исаченко |b Д. С. |c физик |c доцент Томского политехнического университета, кандидат физико-математических наук |f 1982- |g Дмитрий Сергеевич |3 (RuTPU)RU\TPU\pers\26454 | |
| 701 | 1 | |a Кузнецов |b М. С. |c физик |c доцент Томского политехнического университета, кандидат технических наук |f 1984- |g Михаил Сергеевич |3 (RuTPU)RU\TPU\pers\30070 |9 14490 | |
| 701 | 1 | |a Семенов |b А. О. |c физик |c старший преподаватель Томского политехнического университета |f 1984- |g Андрей Олегович |3 (RuTPU)RU\TPU\pers\26464 |9 12167 | |
| 701 | 1 | |a Чурсин |b С. С. |c физик-ядерщик |c лаборант Томского политехнического университета |f 1991- |g Станислав Сергеевич |3 (RuTPU)RU\TPU\pers\30542 | |
| 712 | 0 | 2 | |a Национальный исследовательский Томский политехнический университет (ТПУ) |b Физико-технический институт (ФТИ) |c (2010- ) |3 (RuTPU)RU\TPU\col\17709 |
| 801 | 2 | |a RU |b 63413507 |c 20170511 |g RCR | |
| 856 | 4 | |u http://elibrary.ru/item.asp?id=23709345 | |
| 942 | |c CF | ||